LEADER 00862nam0-22003011i-450- 001 990006764340403321 005 20001010 035 $a000676434 035 $aFED01000676434 035 $a(Aleph)000676434FED01 035 $a000676434 100 $a20001010d--------km-y0itay50------ba 101 0 $aita 105 $ay-------001yy 200 1 $aContabilita e management delle imprese in agricoltura$fAdriano Ciani 210 $aMilano$cETAS libri$d1992. 215 $aXII, 292 p.$d24 cm 225 1 $aScienze del territorio$iScienze agrarie 676 $a657.863 700 1$aCiani,$bAdriano$076477 801 0$aIT$bUNINA$gRICA$2UNIMARC 901 $aBK 912 $a990006764340403321 952 $aVI G 118$b20008$fFSPBC 959 $aFSPBC 996 $aContabilità e management delle imprese in agricoltura$9195559 997 $aUNINA DB $aGEN01 LEADER 00987nam0-22003011i-450- 001 990000564130403321 005 20001010 010 $a0 89116 155 4 035 $a000056413 035 $aFED01000056413 035 $a(Aleph)000056413FED01 035 $a000056413 100 $a20001010d--------km-y0itay50------ba 101 0 $aita 105 $ay-------001yy 200 1 $aFlow visualization . Proceedings of the Interantional symposium on flow visulaization. October 12-14, 1977 - Tokyo$fTsuyoshi Asanuma (ed) 210 $aWashington$cHemisphere pub. Comp.$d1978 610 0 $aFluidi$aDinamica$aVisualizzazione 676 $a620.1064 702 1$aAsanuma,$bTsuyoshi 801 0$aIT$bUNINA$gRICA$2UNIMARC 901 $aBK 912 $a990000564130403321 952 $a05 76 123$b$fDININ 959 $aDININ 996 $aFlow visualization . Proceedings of the Interantional symposium on flow visulaization. October 12-14, 1977 - Tokyo$9319509 997 $aUNINA DB $aING01